Statistics for Taylor Swift Fun Facts

Click here to take the quiz!

General Stats

  • This quiz has been taken 55 times
  • The average score is 4 of 10

Answer Stats

HintAnswer% Correct
Taylor's Middle NameAlison
90%
Number of Cats Taylor owns3
88%
Taylor's Star SignSagittarius
70%
The state Taylor was born inPennsylvania
68%
The movie Taylor was in in 2010Valentines Day
48%
First song Taylor learned on GuitarKiss Me
10%
Where Taylor's brother went to collegeNotre Dame
10%
Clothing Store Taylor modeled for in 2003Abercrombie & Fitch
6%
The type of farm did Taylor grew up inChristmas Farm
4%
Who did Taylor open for on her first tourRascal Flats
4%

Score Distribution

Percentile by Number Answered

Percent of People with Each Score

Your Score History

You have not taken this quiz